| 000 | 00647cam a22002291 4500 | ||
|---|---|---|---|
| 001 | sa 65002014 | ||
| 003 | DLC | ||
| 005 | 20260227112113.0 | ||
| 008 | 890718s1958 ii ch 000 0 beno | ||
| 010 | _asa 65002014 | ||
| 035 | _a(OCoLC)20029597 | ||
| 040 |
_aDLC _cWaU _dDLC |
||
| 043 | _aa-ii--- | ||
| 050 | 0 | 0 |
_aPN1009.B4 _bM5 |
| 100 | 1 |
_aMitra, Khagendranātha, _d1896-1978. |
|
| 245 | 1 | 0 | _aŚatābdīra śiśu-sāhitya. |
| 260 | _c[1958] | ||
| 300 |
_a9, 248 p. _bfacsims., ports. _c23 cm. |
||
| 500 | _aIn Bengali. | ||
| 650 | 0 |
_aChildren's literature, Bengali _xHistory and criticism. |
|
| 650 | 0 |
_aChildren _xBooks and reading _zIndia. |
|
| 999 |
_c62382 _d62382 |
||